Classement LDC saison 2024/2025 - Statistiques

Statistiques générales
  • Ce quiz a été pris 16 fois
  • Le résultat moyen est 16 sur 36
Statistiques - réponses
Hint Réponse % Correct
2 Barcelone
100%
11 Real Madrid
92%
1 Liverpool
85%
15 Paris St Germain
85%
12 Bayern Munich
77%
22 Manchester City
77%
3 Arsenal
69%
18 Brest
69%
20 Juventus
69%
17 Monaco
69%
5 Atlético Madrid
62%
4 Inter Milan
62%
7 Lille
62%
13 AC Milan
54%
8 Aston Villa
54%
10 Borussia Dortmund
54%
6 Bayer Leverkusen
46%
16 Benfica
46%
9 Atalanta
38%
19 Feyenoord
38%
32 Leipzig
38%
14 PSV Eindhoven
38%
23 Sporting
38%
21 Celtic
31%
24 Club Bruges
31%
33 Girona
31%
34 Salzburg
31%
26 Stuttgart
23%
29 Etoile Rouge de Belgrade
15%
36 Young Boys
15%
28 Bologne
8%
25 Dinamo Zagreb
8%
35 Slovan Bratislava
8%
31 Sparta Prague
8%
30 Sturm Graz
8%
27 Shakhtar Donesk
0%
Aucun quiz correspondant
Distribution des résultats
% des personnes avec chaque résultat
Percentile par nombre de réponses
Votre historique - résultats
Vous n’avez pas pris ce quiz